00470nam a22001577a 450000500170000002000260001703700190004308200080006210000210007024500590009126000440015027000570019430000200025194200220027199900190029320231227152125.0 a9788194739890c600.00 aSunnvik Books  a020 aN.C Anie 960337 aInformation Behavior in the Digital Age/cBy Anie N.C  aNew Delhi bEss Ess Publications c2022 a4831/24, Ansari Road, Daryaganj bNew Delhi e110002 a134p.c22cm(Hb) 2ddccENh020mNCA c199858d199858